<?xml version="1.0" encoding="UTF-8"?>
<collection xmlns="http://www.loc.gov/MARC21/slim">
<record>
  <controlfield tag="001">159999</controlfield>
  <controlfield tag="005">20250520135440.0</controlfield>
  <datafield tag="037" ind1=" " ind2=" ">
    <subfield code="a">GDOC-2024-61266</subfield>
  </datafield>
  <datafield tag="970" ind1=" " ind2=" ">
    <subfield code="a">GDOC-2024-61266</subfield>
  </datafield>
  <datafield tag="041" ind1=" " ind2=" ">
    <subfield code="a">spa</subfield>
  </datafield>
  <datafield tag="041" ind1=" " ind2=" ">
    <subfield code="a">eng</subfield>
  </datafield>
  <datafield tag="540" ind1=" " ind2=" ">
    <subfield code="a">by-nc-sa</subfield>
    <subfield code="b">Creative Commons</subfield>
    <subfield code="c">3.0</subfield>
    <subfield code="u">http://creativecommons.org/licenses/by-nc-sa/3.0/</subfield>
  </datafield>
  <datafield tag="260" ind1=" " ind2=" ">
    <subfield code="a">Zaragoza</subfield>
    <subfield code="b">Universidad de Zaragoza</subfield>
    <subfield code="c">2024-2025</subfield>
  </datafield>
  <datafield tag="245" ind1="0" ind2="0">
    <subfield code="9">61266</subfield>
    <subfield code="a">Trabajo fin de Máster</subfield>
  </datafield>
  <datafield tag="242" ind1="0" ind2="0">
    <subfield code="9">61266</subfield>
    <subfield code="a">Master's Dissertation</subfield>
  </datafield>
  <datafield tag="100" ind1=" " ind2=" ">
    <subfield code="0">(orcid)0000-0003-4280-3971</subfield>
    <subfield code="a">Marta Alcolea, Gracia</subfield>
    <subfield code="1">549665</subfield>
  </datafield>
  <datafield tag="700" ind1=" " ind2=" ">
    <subfield code="0">(orcid)0000-0002-8711-4961</subfield>
    <subfield code="a">Silvia María Alfayé, Villa</subfield>
    <subfield code="1">407616</subfield>
  </datafield>
  <datafield tag="700" ind1=" " ind2=" ">
    <subfield code="0">(orcid)0000-0003-3854-2158</subfield>
    <subfield code="a">Jorge Angas, Pajas</subfield>
    <subfield code="1">433792</subfield>
  </datafield>
  <datafield tag="700" ind1=" " ind2=" ">
    <subfield code="0">(orcid)0000-0002-9658-9395</subfield>
    <subfield code="a">Francisco Beltrán, Lloris</subfield>
    <subfield code="1">387287</subfield>
  </datafield>
  <datafield tag="700" ind1=" " ind2=" ">
    <subfield code="0">(orcid)0000-0003-3894-7112</subfield>
    <subfield code="a">Rafael Antonio Domingo, Martínez</subfield>
    <subfield code="1">320528</subfield>
  </datafield>
  <datafield tag="700" ind1=" " ind2=" ">
    <subfield code="0">(orcid)0000-0002-0350-2968</subfield>
    <subfield code="a">Gonzalo Ceferino Fontana, Elboj</subfield>
    <subfield code="1">128149</subfield>
  </datafield>
  <datafield tag="700" ind1=" " ind2=" ">
    <subfield code="0">(orcid)0000-0001-5006-8693</subfield>
    <subfield code="a">Lara María Íñiguez, Berrozpe</subfield>
    <subfield code="1">522291</subfield>
  </datafield>
  <datafield tag="700" ind1=" " ind2=" ">
    <subfield code="0">(orcid)0000-0003-3830-5398</subfield>
    <subfield code="a">Rosa María Marina, Sáez</subfield>
    <subfield code="1">314851</subfield>
  </datafield>
  <datafield tag="700" ind1=" " ind2=" ">
    <subfield code="0">(orcid)0000-0001-5506-8510</subfield>
    <subfield code="a">Carlos Mazo, Pérez</subfield>
    <subfield code="1">363679</subfield>
  </datafield>
  <datafield tag="700" ind1=" " ind2=" ">
    <subfield code="0">(orcid)0000-0001-9644-4252</subfield>
    <subfield code="a">José María Rodanés, Vicente</subfield>
    <subfield code="1">385884</subfield>
  </datafield>
  <datafield tag="700" ind1=" " ind2=" ">
    <subfield code="0">(orcid)0000-0002-5634-1096</subfield>
    <subfield code="a">Jesús Carlos Sáenz, Preciado</subfield>
    <subfield code="1">111158</subfield>
  </datafield>
  <datafield tag="700" ind1=" " ind2=" ">
    <subfield code="0">(orcid)0000-0001-8911-0393</subfield>
    <subfield code="a">Paula Uribe, Agudo</subfield>
    <subfield code="1">446993</subfield>
  </datafield>
  <datafield tag="700" ind1=" " ind2=" ">
    <subfield code="0">(orcid)0000-0003-0147-370X</subfield>
    <subfield code="a">Ana Cristina Vicente, Sánchez</subfield>
    <subfield code="1">404681</subfield>
  </datafield>
  <datafield tag="830" ind1=" " ind2=" ">
    <subfield code="9">553</subfield>
  </datafield>
  <datafield tag="856" ind1="4" ind2=" ">
    <subfield code="s">8533</subfield>
    <subfield code="u">http://zaguan.unizar.es/record/159999/files/guia-61266-en.pdf</subfield>
    <subfield code="y">Guide (english)</subfield>
  </datafield>
  <datafield tag="856" ind1="4" ind2=" ">
    <subfield code="s">8707</subfield>
    <subfield code="u">http://zaguan.unizar.es/record/159999/files/guia-61266-es.pdf</subfield>
    <subfield code="y">Guía (idioma español)</subfield>
  </datafield>
  <datafield tag="521" ind1=" " ind2=" ">
    <subfield code="9">695</subfield>
    <subfield code="a">Máster Universitario en Mundo Antiguo y Patrimonio Arqueológico</subfield>
    <subfield code="b">Master's in the Ancient World and Archaeological Heritage</subfield>
  </datafield>
  <datafield tag="980" ind1=" " ind2=" ">
    <subfield code="a">GDOC</subfield>
    <subfield code="b">Arts and Humanities</subfield>
    <subfield code="b">Artes y Humanidades</subfield>
    <subfield code="c">103</subfield>
  </datafield>
</record>
</collection>